000 00551nam a2200205Ia 4500
005 20250923145443.0
008 008 250917s9999 xx 000 0 eng d
037 _aTextual
040 _aDSWL
_beng
_cDSWL
041 _aeng
_2eng
084 _a0111,3, N58
_qDSWL
100 _aJhabvala, R.P.
_9835482
245 0 _aEsmond in India
_c by R.P.Jhabvala
260 _aLondon
_bGeorge Allen & Unwin
_c1958
300 _a256 p.
365 _aINR
_b15
925 _g15
942 _cTEXL
_h0111,3, N58
999 _c1451534
_d1451534